| 000 | 00444nam a22001697a 4500 | ||
|---|---|---|---|
| 005 | 20260115143436.0 | ||
| 008 | 260115b |||||||| |||| 00| 0 eng d | ||
| 020 | _a978-1-427-65234-8 | ||
| 050 | _aQ 16.1 .S53 2012 | ||
| 100 | _aSTEVE SLAVIN | ||
| 245 | _aBASIC MATHEMATICS | ||
| 250 | _aSPECIAL SECOND EDITION | ||
| 260 |
_aNEW YORK _bS4 Carlisle publishing _c2012 |
||
| 300 | _axi,507P. | ||
| 700 | _aGINNY CRISONINO | ||
| 942 |
_2lcc _cBK |
||
| 999 |
_c216459 _d216459 |
||